000 01248aam a2200469a 44500
008 930309s1992 cat
017 _aB-29009-1992
020 _a8488169035
041 _acat
041 _beng
041 _bspa
080 _a316(038)
110 _aTERMCAT
_960609
245 _aDiccionari de sociologia
_cFundació Barcelona; TERMCAT, Centre de Terminologia
260 _aBarcelona
_bFundació Barcelona
_c1992
300 _a95 p.
_c22 cm.
365 _b1.212
365 _cptes
490 _aDiccionaris Terminològics
500 _aArbre de camp, categoria gramatical, sinònims
500 _aÍndexs anglès i castellà: p. 77. Bibliografia: p. 91-95.
500 _btermcat
520 _a402
546 _acatalà
591 _aSOCIOL
592 _aObra terminològica
593 _aOF
594 _a3567
650 _asociologia
_960645
710 _aFundació Barcelona
_960610
830 _aDiccionaris Terminològics
_960611
901 _c<1992>
902 _a930309
942 _cMO
_n0
_2ddc
999 _c51167
_d51167